000
00338nam a2200133Ia 4500
008
240624s9999 xx 000 0 und d
041
_a
eng
082
_a
305.4201 BRO
100
_a
BROWNE JUDE
245
_a
FUTURE OF GENDER
260
_c
2007
_a
Cambridge
_b
Cambridge University Press
300
_a
298 : p. : cm. ; 22
365
_c
BPS
_b
30
999
_c
11571
_d
11571